Normal view
MARC view
- Scaron, Pedro
Entry Nombre Personal
001 - NUMERO DE CONTROL
- campo de control: 48694
003 - IDENTIFICADOR DE NUMERO DE CONTROL
- campo de control: DLC
005 - FECHA Y HORA DE LA ÜLTIMA TRANSACCIÓN
- campo de control: 20230516104639.0
008 - DATOS DE LONGITUD FIJA
- campo de control de longitud fija: 230516n| acannaabn |n aaa c
010 ## - NÚMERO DE CONTROL DE LA BIBLIOTECA DEL CONGRESO
- Número de control LC: no2008124351
035 ## - NUMERO DE CONTROL
- Número de control: (OCoLC)oca07861102
040 ## - FUENTE DE CATALOGACIÓN
- Agencia original de catalogación: MXMxUNAM
- Lenguaje de catalogación: spa
- Agencia de transcripción: MXMxUNAM
- Agencia que lo modifica: MX-MxUPN
100 1# - ENCABEZAMIENTO - NOMBRE PERSONAL
- Nombre personal: Scaron, Pedro
670 ## - FUENTE EN LA QUE SE LOCALIZARON DATOS
- Cita de la fuente: El capital, 1984:
- Información localizada: portada (Pedro Scaron)
902 ## - CATALOGADOR
- Catalogador: NDAF/160523
